Finnish-Americans by State - Statistics

General Stats
  • This quiz has been taken 44 times
  • The average score is 8 of 10
Answer Stats
# of Finns State % Correct
68,000 Michigan
92%
32,000 California
89%
64,000 Minnesota
86%
19,000 Florida
81%
11,000 Illinois
76%
11,000 Ohio
76%
31,000 Washington
76%
15,000 Oregon
70%
27,000 Wisconsin
70%
14,000 Massachusetts
51%
No matching quizzes found
Score Distribution
Percent of People with Each Score
Percentile by Number Answered
Your Score History
You have not taken this quiz